=LDR 00000nam 2200000 4500 =001 000773 =005 20250711105123 =035 ##$$a 0010-0725000642 =007 ta =008 250711################a##########0#ind## =020 ##$$a 978-623-472-459-2 =082 ##$$a 398.209 598 =084 ##$$a 398.209 598 KAP s =100 #$$a Kapur Aparna =245 1#$$a Sut.. simmi sedang mendengar /$c Aparna kapur =250 ##$$a Pertama =260 ##$$a Jakarta :$b Badan pengembangan dan pembinaan bahasa,$c 2022 =300 ##$$a 9HLM. : $b ilus. ; $c 22,9 cm =650 #4$$a Cerita anak Indonesia terjemahan =650 #4$$a Literasi bahan bacaan =700 #$$a Swati agarwal =990 ##$$a TBM202400803